Biblioteca y Centro de Documentación

Novedades recientes más importantes incorporadas a la regulación del trabajo autónomo (Registro nro. 42655)

Detalles MARC
000 -CABECERA
Longitud fija campo de control 01007naa a2200265 c 4500
001 - NÚMERO DE CONTROL
Número de control 42655
003 - IDENTIFICADOR DE NÚMERO DE CONTROL
Identificador del número de control ES-MaCES
005 - FECHA Y HORA DE LA ÚLTIMA TRANSACCIÓN
Fecha y hora de la última transacción 20120418122700.0
008 - CAMPO FIJO DE DESCRIPCIÓN FIJA--INFORMACIÓN GENERAL
Códigos de información de longitud fija   120418n2011 sp t 000 | spa d
035 ## - NÚMERO DE CONTROL DEL SISTEMA
Número de control del sistema CES20120002653v
040 ## - FUENTE DE CATALOGACIÓN
Centro catalogador de origen ES-MaCES
Lengua de catalogación spa
Centro transcriptor ES-MaCES
100 1# - ENCABEZAMIENTO PRINCIPAL--NOMBRE PERSONAL
Nombre de persona Cera Brea, Natalia
9 (RLIN) 9410
245 10 - MENCIÓN DE TÍTULO
Título Novedades recientes más importantes incorporadas a la regulación del trabajo autónomo
Mención de responsabilidad, etc. Natalia Cera Brea
610 14 - ASIENTO SECUNDARIO DE MATERIA--NOMBRE CORPORATIVO
Nombre de entidad corporativa o nombre de jurisdicción como elemento inicial España
Título de la obra Ley del Estatuto del trabajo autónomo
Fecha del congreso o de la firma de un tratado 2007
9 (RLIN) 2956
650 #4 - ASIENTO SECUNDARIO DE MATERIA--TÉRMINO DE MATERIA
Término de materia o nombre geográfico como elemento inicial 2007
9 (RLIN) 31880
650 #4 - ASIENTO SECUNDARIO DE MATERIA--TÉRMINO DE MATERIA
Término de materia o nombre geográfico como elemento inicial España
9 (RLIN) 26964
650 #4 - ASIENTO SECUNDARIO DE MATERIA--TÉRMINO DE MATERIA
Término de materia o nombre geográfico como elemento inicial legislación de seguridad social
9 (RLIN) 29855
650 #4 - ASIENTO SECUNDARIO DE MATERIA--TÉRMINO DE MATERIA
Término de materia o nombre geográfico como elemento inicial reforma legislativa
9 (RLIN) 29892
650 #4 - ASIENTO SECUNDARIO DE MATERIA--TÉRMINO DE MATERIA
Término de materia o nombre geográfico como elemento inicial régimen especial de trabajadores autónomos
9 (RLIN) 30800
653 10 - TÉRMINO DE INDEXACIÓN--NO CONTROLADO
Término no controlado Derecho del trabajo y Seguridad Social
773 0# - ENTRADA DE DOCUMENTO FUENTE
Título Documentación laboral
Parte(s) relacionada(s) n. 93 (2011-III){10142 R. 081193}; p. 5-18
Número de control del registro relacionado (ES-MaCES)25160
Itemnumber del ítem fuente 38038
902 ## - CES. TIPO DE DOCUMENTO
Tipodoc (006$c Sirtex) ART Artículo de revista
942 ## - ELEMENTOS KOHA
Fuente de clasificaión o esquema Clasificación propia del CES
Koha [por defecto] tipo de item Artículos (1982-2017)
Parte de clasificación 6.0.1.

No hay ítems disponibles.

© CES, Consejo Económico y Social de España 2021